MDQL
is popping MORE tags! Check the
thread
!
Quizzes
Events
Quiz Creation
Community
Videos
Private Events
Remove Ads
Sign In
Join for FREE
Feedback
Dark Mode
Quiz Categories
Sports
Geography
Music
Movies
Television
Just For Fun
Miscellaneous
History
Literature
Language
Science
Gaming
Entertainment
Religion
Holiday
For Kids
Quiz Lab
Recent
Popular Today
Quiz Kudos Today
Editor Picks
Curator Picks
Quizzes by...
Day
Popularity
Type
Ratings
Length
Year
Community
Subscriptions
Recent Discussions
Orange Saloon
Badges
Playlists
Quests
Create
Leaderboards
Showdown
Live 5
Trivia Bingo
Activity
Puzzle Library
Sporcle Events
Private Events
Virtual Trivia
Globe League
Become a Host
Pub Owners
SporcleCon
Opinionation
Our Games
Videos
Blog
Mobile Apps
Partnerships
Remove Ads and Go Orange
Feedback
Sports
Athletes
MLB
NBA
NHL
NFL
Soccer
Sports Teams
WWE
NCAA
Football
Premier League
Basketball
Baseball
Hockey
Golf
Tennis
Cricket
Rugby
Auto Racing
Olympics
World Cup
Sports
Athletes
MLB
NBA
NHL
NFL
Soccer
Sports Teams
WWE
NCAA
Football
Premier League
Basketball
Baseball
Hockey
Golf
Tennis
Cricket
Rugby
Auto Racing
Olympics
World Cup
Random Quiz
Search Sporcle
×
Quiz Lab
Quiz Lab
Sports
team
Type in answers that appear in a list
Type in answers that appear in a list
Classic
Best Score? Go Orange.
Big 4 Teams With Multiple Championships Stats
Can you name the teams that have won multiple championships in their sport?
By
Jredsox1
4m
58 Questions
216 Plays
216 Plays
216 Plays
Comments
Comments
Give Quiz Kudos
Give Quiz Kudos
-
- Ratings
hide this ad
Replay
Link that replays current quiz
Next Quiz
Link to next quiz in quiz playlist
You Got
0%
They Got
Avg Score
75%
Avg Friend Score
Upgrade to see
Score Distribution
Jump to the score distribution portion of the page
Score
0/58
Timer
04:00
0
Plays Today
League
Team
% Correct
MLB
New York Yankees
97.2%
NBA
Boston Celtics
97.2%
NBA
Los Angeles Lakers
97.2%
MLB
San Francisco Giants
95.8%
MLB
Cincinnati Reds
95.8%
NFL
New York Giants
95.8%
MLB
Boston Red Sox
94%
NFL
Green Bay Packers
93.5%
NFL
Pittsburgh Steelers
93.1%
NHL
Montreal Canadiens
93.1%
NFL
Arizona Cardinals
91.6%
MLB
St Louis Cardinals
90.7%
NFL
Dallas Cowboys
90.3%
NFL
San Francisco 49ers
89.8%
NBA
Chicago Bulls
89.4%
NHL
Toronto Maple Leafs
88.9%
NFL
New England Patriots
87.5%
MLB
Chicago White Sox
86.6%
NHL
Detroit Red Wings
86.1%
NHL
New York Rangers
85.2%
NFL
Chicago Bears
84.2%
MLB
Los Angeles Dodgers
83.3%
NBA
San Antonio Spurs
83.3%
NHL
Boston Bruins
82.9%
MLB
Chicago Cubs
82.4%
MLB
Oakland Athletics
81%
MLB
Detroit Tigers
79.2%
NBA
Miami Heat
79.2%
MLB
New York Mets
77.8%
League
Team
% Correct
NFL
Washington Redskins
77.3%
NFL
Denver Broncos
77.3%
MLB
Pittsburgh Pirates
76.9%
NBA
New York Knicks
76.9%
NHL
Edmonton Oilers
76.9%
NHL
New York Islanders
75.9%
MLB
Atlanta Braves
75.5%
MLB
Philadelphila Phillies
75.5%
NFL
Cleveland Browns
74.7%
NFL
Indianapolis Colts
73.6%
NBA
Detroit Pistons
73.6%
MLB
Miami Marlins
73.1%
NFL
Oakland Raiders
72.2%
NBA
Philadelphia 76ers
71.8%
NFL
Miami Dolphins
71.3%
NHL
Pittsburgh Penguins
70.8%
NHL
Chicago Blackhawks
70.4%
MLB
Toronto Blue Jays
69.9%
MLB
Baltimore Orioles
69.4%
NBA
Houston Rockets
69%
MLB
Minnesota Twins
68.5%
NFL
Detroit Lions
67.4%
NHL
Philadelphia Flyers
66.7%
MLB
Cleveland Indians
66.2%
NBA
Golden State Warriors
64.4%
NFL
Philadelphia Eagles
62.1%
NHL
New Jersey Devils
62%
NFL
St Louis Rams
61.1%
NHL
Colorado Avalanche
54.6%
Quiz Playlist
Details
Report
Send in Message
Add To Playlist
Classic:
Type in answers that appear in a list
Last Updated: Feb 16, 2017
Quiz Scoreboard
CHALLENGE
Sign Up to Join the Scoreboard
Show All
Scores
Hide
Comments
May contain spoilers
Recently Published
Image Sorting: Flags VI
by Barbecue
Geography
2m
Find the 'City' Movie
by crazypaving
Movies
60s
Colored Red Africa Blitz
by spor1
Geography
45s
More to Explore
Quiz From the Vault
Featured Blog Post
14 Easter Pick-up Lines to Find Eggs With
hide this ad
You Might Also Like...
Tags
Championship
League
multiple
team
Won
Today's Top Quizzes in Sports
Browse Sports
hide this ad
Today's Top Quizzes in team
Browse team
Top Contributed Quizzes in Sports
1
Les meilleurs buteurs des matchs entre le PSG et l’OM
2
Les entraîneurs de l'OM et du PSG au 21e siècle
3
Les joueurs passés par le PSG et l'OM
4
2022 World Cup Stars
5
Players with Multiple 50 Home Run Seasons
6
Criteria MLB: Left Handed Sluggers
7
MLB Players with Two .350 Batting Average Seasons
8
Les joueurs passés par le LOSC et le RC Lens
9
NBA Logic Puzzle 2.0
10
Top 10 NHL Goal Scorers of All Time
Explore More
Trending Topics
Disney
Marvel
Anime
Kpop
NBA
Harry Potter
Crossword
Puzzle
Country
Song
Pokémon
WWE
Soccer
The Office
NFL
hide this ad
More By:
Jredsox1
Quiz
Plays
Rating
Category
Featured
Created
Largest Countries by Population
1,328
4.00
Geography
Dec 20, 2012
Big 4 Teams With Multiple Championships
216
3.50
Sports
Jan 30, 2013
Federal Reserve Districts
199
4.50
Geography
Aug 18, 2013
NCAA 2013 Tournament 2nd Round Losers
51
5.00
Sports
Mar 24, 2013
Where is it found?
31
2.00
Geography
Dec 19, 2012
Go to Creator's Profile
Score Distribution
Quiz Creator Spotlight
Jredsox1
Follow
Send a Message
Quizzes Created
-
Created Quiz Play Count
-
More By This Creator
Popular Quizzes Today
1
Colored Red Africa Blitz
2
Find the US States - No Outlines Minefield
3
Find the 'City' Movie
4
5x2 Blitz: Bands
5
The Countries of the World
6
Find the US States
7
Find the Countries of Europe - No Outlines Minefield
8
US States
More Sports Quizzes
Luis Suárez's 4+ Goals XI's
Quiz Lab
Trending Quizzes
Colored Red Europe Blitz I
Colored Red Europe Blitz II
Colored Red Africa Blitz II
Colored Red Europe Blitz III
Colored Red Africa Blitz III
Recently Updated
How Do You Spell That?
pecheneg
Godzilla Movies
pecheneg
Grab Bag: 4-10 Letters
pecheneg
2024 March Madness Bracket
pecheneg
Famous TV Couples
Peacemaker
Champions League XIs: Real Madrid
pecheneg
Largest US Cities 1790-2010
pecheneg
Rides in Walt Disney World
pecheneg
Most Oscar Losses (Acting)
pecheneg
Beyoncé Albums
pecheneg
Trending Topics
Harry Potter
Crossword
Kpop
NBA
Anime
Marvel
Disney
NFL
Song
Puzzle
Pokémon
WWE
The Office
Country
Soccer
Your Account Isn't Verified!
In order to create a playlist on Sporcle, you need to verify the email address you used during registration. Go to your
Sporcle Settings
to finish the process.
Report this User
Report this user for behavior that violates our
Community Guidelines
.
Details:
Send Report
Go to the Sporcle.com Mobile Site →
Comments